Výňatok z publikácie "Živnostenské podnikanie" Súbor doplňujúcich otázok a odpovedí

Formou otázok a odpovedí sprístupnené dôsledky novelizácie živnostenského zákona (č.455/1992 Zb. v znení ďalších predpisov) zákonom SNR č.132/1994 Z.z. v oblasti práv a povinností podnikateľov.

Gespeichert in:
Bibliographische Detailangaben
1. Verfasser: Kopál, L.
Weitere Verfasser: Urmin, F.
Format: Buchkapitel
Sprache:Slowakisch
Schlagworte:
Tags: Tag hinzufügen
Keine Tags, Fügen Sie das erste Tag hinzu!

MARC

LEADER 00000naa a2200000 4500
001 r024031
005 20221213113812.2
041 0 |a slo 
044 |a SK 
245 1 0 |a Výňatok z publikácie "Živnostenské podnikanie"  |b Súbor doplňujúcich otázok a odpovedí  |c L. Kopál, F. Urmin 
520 |a Formou otázok a odpovedí sprístupnené dôsledky novelizácie živnostenského zákona (č.455/1992 Zb. v znení ďalších predpisov) zákonom SNR č.132/1994 Z.z. v oblasti práv a povinností podnikateľov. 
610 2 0 |a živnosti 
610 2 0 |a zákony 
610 2 0 |a komentáre 
610 2 0 |a Slovensko 
610 2 0 |a 1992-1994 
610 2 0 |a podnikatelia 
610 2 0 |a podnikanie 
100 1 |a Kopál, L. 
700 1 |a Urmin, F.